000 00607nam a22002177a 4500
999 _c3764
_d3764
003 AR-CdUCM
008 190307b ||||| |||| 00| 0 spa d
040 _aMUNICIPALIDAD PROVINCIAL DEL CUSCO
_cBIBLIOTECA MUNICIPAL DEL CUSCO
041 _heng
082 _a828.9 /
_bE39
100 _aEliot, Thomas Stearns
_912171
245 _aReunión Familiar /
260 _aBuenos Aires :
_bEmecé Editores,
_c1853.
300 _a147 páginas ;
_c18 cm.
505 _aContenido: teatro.
650 _aTeatro
_9173
650 _aNarrativa
_967
650 _aFamilia
_92366
942 _2ddc
_cLIBROS
945 _adavv